000 00743nam a2200265 i 4500
001 C2-0305545
003 PPAK
005 20180728090832.0
008 100824s2010 my |||| ||||| | eng d
020 _a9789675023767
040 _aPPAK
_beng
_cPPAK
_erda
082 0 4 _a398.209595
_223
090 0 0 _a398.209595
_bERY
_dK
100 0 _aEryn,
_eauthor
245 1 0 _aLegendary Puteri Limau
264 1 _aPetaling Jaya, Selangor :
_bTulip Publications ,
_c2010
300 _a96 pages ;
_c19 cm
336 _2rdacontent
_atext
337 _2rdamedia
_aunmediated
338 _2rdacarrier
_avolume
490 1 _aMemorable traditional tales
650 1 0 _aFolk literature, Malay
830 0 _aMemorable traditional tales
942 _ddc
_cB
999 _c108543
_d108543